Arne Jacobsen /
Arne Jacobsen (Copenhague, 1902-1971), arquitecto y diseñador que convirtió su nombre en la marca de muebles daneses más reconocida. Recurrió a formas como el círculo, el cilindro, el triángulo, y el cubo para realizar sus diseños. Jacobsen es considerado por la crítica como uno de los artistas que...
Enregistré dans:
| Auteur principal: | |
|---|---|
| Autres auteurs: | |
| Format: | Livre |
| Langue: | anglais |
| Publié: |
Nueva York, EUA :
Frederick A. Praeger,
1964, c1964
|
| Sujets: | |
| Tags: |
Pas de tags, Soyez le premier à ajouter un tag!
|
MARC
| LEADER | 00000nam^a2200000^a^4500 | ||
|---|---|---|---|
| 001 | 000184700 | ||
| 005 | 20250526000000.0 | ||
| 009 | 20260310102126.623 | ||
| 037 | |a Acervo ITESO - Biblioteca | ||
| 041 | |a ING | ||
| 082 | |a 720. 9489 |b JAC FAB | ||
| 100 | |a Jacobsen, Arne |e (autor) | ||
| 245 | 1 | 0 | |a Arne Jacobsen / |c A. Jacobsen ; texto de T. Faber ; tr. por E. Rockwell. |
| 264 | 4 | |a Nueva York, EUA : |b Frederick A. Praeger, |c 1964, c1964 | |
| 300 | |a XXIII, 175 p. ; |c 26.0 cm. | ||
| 336 | |a texto |b txt |2 rdacontenido | ||
| 337 | |a sin mediación |b n |2 rdamedio | ||
| 338 | |a volumen |b nc |2 rdasoporte | ||
| 520 | |a Arne Jacobsen (Copenhague, 1902-1971), arquitecto y diseñador que convirtió su nombre en la marca de muebles daneses más reconocida. Recurrió a formas como el círculo, el cilindro, el triángulo, y el cubo para realizar sus diseños. Jacobsen es considerado por la crítica como uno de los artistas que mejor dominó, a nivel internacional, la interpretación personal del funcionalismo. Estudió arquitectura en la Escuela de Arquitectura de Copenhague, donde terminó la carrera en 1927, y desde 1930 hasta su muerte dirigió su propio estudio. La Silla Hormiga de 1952 fue el punto de partida de su fama mundial como diseñador de muebles y fue el primero de un número de sillas ligeras con asiento y respaldo en una pieza de madera moldeada. Sus obras arquitectónicas más famosas son el St. Catherine's College (Oxford, Inglaterra), el Banco Nacional de Dinamarca en Copenhague y el Royal Hotel (1961), de Copenhague, su obra maestra. | ||
| 546 | |a Edición bilingüe alemán-inglés | ||
| 649 | |a XX | ||
| 650 | |a Arquitectos Daneses | ||
| 650 | |a Diseñadores Daneses | ||
| 650 | |a Artistas Daneses | ||
| 650 | |a Arquitectura Funcionalista - |z Dinamarca - |x Historia y Crítica | ||
| 650 | |a Arquitectura Moderna - |z Dinamarca - |x Historia y Crítica | ||
| 650 | |a Arquitectura Funcionalista - |x Historia y Crítica - |x Tema Principal | ||
| 650 | |a Arquitectura Moderna - |x Historia y Crítica | ||
| 650 | |a Arte Moderno - |z Dinamarca - |x Historia y Crítica | ||
| 650 | |a Arte Moderno - |x Historia y Crítica | ||
| 650 | |a Diseño Danés - |x Historia y Crítica | ||
| 650 | |a Arquitectura Danesa - |x Historia y Crítica | ||
| 650 | |a Arte Danés - |x Historia y Crítica | ||
| 650 | |a Jacobsen, Arne - |x Tema Principal | ||
| 650 | |a Arte Moderno - |x Historia y Crítica | ||
| 650 | |a Arte Danés - |x Historia y Crítica | ||
| 650 | |a Jacobsen, Arne - |x Tema Principal | ||
| 700 | |a Faber, Tobias |e (texto) | ||
| 910 | |a Fondo Julio de la Peña Lomelín | ||
| 920 | |a Impresos - Libros | ||
| 930 | |a Libros Antiguos y Raros | ||
| 940 | |a Arquitectos Jaliscienses | ||
| 905 | |a 108 | ||
| 901 | |a 0500125835 |b IT2 |c LRA |u 20250526 | ||
| 902 | |a https://opac.biblio.iteso.mx/vufind/Record/000184700 | ||